Cosmological singularity (Record no. 1211398)

MARC details
000 -LEADER
fixed length control field 01017nam a2200301Ia 4500
003 - CONTROL NUMBER IDENTIFIER
control field OSt
005 - DATE AND TIME OF LATEST TRANSACTION
control field 20221007123117.0
008 - FIXED-LENGTH DATA ELEMENTS--GENERAL INFORMATION
fixed length control field 221006b |||||||| |||| 00| 0 fre d
020 ## - INTERNATIONAL STANDARD BOOK NUMBER
International Standard Book Number 98781107047471 (hbk)
037 ## - SOURCE OF ACQUISITION
Terms of availability Textual
040 ## - CATALOGING SOURCE
Original cataloging agency PAPL
Transcribing agency PAPL
Language of cataloging fre
041 ## - LANGUAGE CODE
Source of code fre
Language code of text/sound track or separate title fre
100 ## - MAIN ENTRY--PERSONAL NAME
Personal name Belinski Vladimir
9 (RLIN) 716526
245 #0 - TITLE STATEMENT
Title Cosmological singularity
Remainder of title Henneaux Marc
260 ## - PUBLICATION, DISTRIBUTION, ETC.
Place of publication, distribution, etc. Cambridge
Name of publisher, distributor, etc. Cambridge University Press
Date of publication, distribution, etc. 2018
300 ## - PHYSICAL DESCRIPTION
Extent xii, 263p. ill.
Dimensions cm.
500 ## - GENERAL NOTE
General note �ppendices 201-251p.; References 252-260p.; Index 261-263p.
650 ## - SUBJECT ADDED ENTRY--TOPICAL TERM
Topical term or geographic name entry element Cosmological billiards
9 (RLIN) 716527
650 ## - SUBJECT ADDED ENTRY--TOPICAL TERM
Topical term or geographic name entry element Hyperbolic coxeter groups
9 (RLIN) 716528
650 ## - SUBJECT ADDED ENTRY--TOPICAL TERM
Topical term or geographic name entry element Physics
700 ## - ADDED ENTRY--PERSONAL NAME
Personal name Henneaux Marc
9 (RLIN) 500529
942 ## - ADDED ENTRY ELEMENTS (KOHA)
Classification part B9:8, Q8 Carpa
Koha item type Textual
Source of classification or shelving scheme Colon Classification (CC)
Holdings
Withdrawn status Lost status Source of classification or shelving scheme Damaged status Not for loan Home library Current library Date acquired Source of acquisition Total Checkouts Full call number Barcode Date last seen Price effective from Koha item type
    Colon Classification (CC)     Department of Physics and Astrophysics Library Department of Physics and Astrophysics Library 2022-10-07 3821, 13/02/2019, The Book Seller   B9:8 Q8 Carpa PA0007508 2022-10-07 2022-10-07 Textual
Copyright @ Delhi University Library System